|
|
|
|
| LEADER |
00000nam a2200000 a 4500 |
| 001 |
UCO5388 |
| 003 |
CL-VaPUC |
| 005 |
20220822114543.0 |
| 008 |
220705t1959 ||||| |||| 00| 0 eng d |
| 999 |
|
|
|c 436673
|d 436671
|
| 040 |
|
|
|c Pontificia Universidad Católica de Valparaíso
|
| 082 |
0 |
4 |
|a 839.82 IBS 1959
|2 21
|
| 100 |
|
|
|a Ibsen, Henrik
|e autor
|9 858009
|
| 245 |
1 |
0 |
|a Teatro completo.
|
| 260 |
|
|
|a Madrid, España:
|b Aguilar,
|c 1959.
|
| 300 |
|
|
|a 1999 páginas.
|
| 500 |
|
|
|a c.1 Donación Familia Prof. Alejandro Guzmán Brito.
|
| 583 |
|
|
|a last modification
|c 20000901 00:00:00
|k Cristina María Rojas Aguilar
|
| 650 |
|
0 |
|a Dramas noruegos
|2 CL-VaPUC
|9 330527
|
| 650 |
|
0 |
|a Literatura noruega
|2 CL-VaPUC
|9 367377
|
| 942 |
|
|
|c BK
|2 ddc
|n 0
|
| 952 |
|
|
|0 0
|1 0
|2 ddc
|4 0
|6 839_820000000000000_IBS_1959
|7 0
|8 C_AGB
|9 584364
|a BIBDER
|b BIBDER
|d 2022-07-05
|e Donación
|i 5652494
|o 839.82 IBS 1959
|p 5652494
|r 2023-01-25
|t 1
|w 2022-07-05
|y BK_US
|k AGB
|